000 00534nam a2200193Ia 4500
005 20250508161801.0
008 008 250505s9999 xx 000 0 eng d
037 _aTextBook
040 _aFEDL
_beng
_cFEDL
041 _aeng
_2eng
084 _a370.954, KOC
_qFEDL
100 _aKochhar S K
245 0 _aTen glimpses of Indian education
260 _aJalandhar India
_bUniversity Publishers
_c1952
300 _aii,137p
650 _aEducation - India
942 _cTB
_h370.954, KOC
999 _c1372181
_d1372181